01215 a2200217 4500003000500000005001700005010001600022020001500038040000900053082001200062100003000074245006900104260005300173300003400226440005500260505048000315650002400795942002100819999001900840952013800859NUST20221201132918.0 a 78026824 a0070217041 cNust00a537,FOW1 aFowler, Richard J.95973110aElectricity :bprinciples and applications /cRichard J. Fowler. aNew York :bMcGraw-Hill, Gregg Division,cc1979. axiv, 322 p. :bill. ;c29 cm. 0aBasic skills in electricity and electronics994578 aBasic Concepts (Page-1), Electrical Quantities and Units (Page-12), Basic Circuits, Laws, and Measurements (Page-33), Circuit Components (Page-53), Multiple-Load Circuits (Page-87), Magnetism and Electromagnetism (Page-110), Basic Measurement Instrument (Page-130), Alternating Current and Voltage (Page-146), Power in AC Circuits (Page-167), Inductance (Page-167), Transformers (Page-202), Capacitance (Page-227), R,C, and L Circuits (Page-256), AC Measurement (Page-285).  0aElectricity.939895 2ddccBKk537,FOW c180762d180762 00102ddc4070aMCSbMCScGENd2016-12-12l1m1o537,FOWpMCS5920r2025-01-02s2024-12-20w2016-12-12yBKzAlmirah No.16, Shelf No.4